01074nam a2200241 a 450000100080000000500110000800800410001902200140006010000220007424500640009626000270016030000100018749000370019752004730023465000160070765000160072365000160073965000280075565000150078365000130079865300110081165300100082216704192009-09-09 1995 bl uuuu u0uu1 u #d a0104-32261 aSANTOS, E. F. dos aProgramação das ações da formação profissional rural. aBrasília: SENARc1995 a25 p. a(SENAR. Série Metodologica, 5). aFormação Profissional Rural (FPG): instrumento de planejamento, identificação de necessidades de formação profissional rural, definição da natureza e tipo de programação, recrutamento e seleção da clientela, composição de grupos para a participação nas áreas de FPT, local da realização das ações de FPR, procedimentos didáticos, determinação da carga horária, processo de avaliação, certificação, informação e orientação profissional. aagriculture aoccupations aAgricultura aFormação Profissional aOcupação aTrabalho aBrasil aSENAR